| 000 | 00654nam a2200205Ia 4500 | ||
|---|---|---|---|
| 003 | GCL | ||
| 008 | 140319s9999 xx 000 0 ara d | ||
| 040 |
_aGCL / _cGCL |
||
| 082 | 0 | 4 |
_a257.2 _bق ن |
| 100 | 1 | _aقطب ابراهيم محمد | |
| 245 | 1 | 0 |
_aالنظم المالية فى الاسلام / _cقطب ابراهيم محمد |
| 260 |
_a[S.N] : _bالهيئة المصرية العامة للكتاب ، _c1989 |
||
| 300 | _a273 ص | ||
| 490 | _a | ||
| 650 | 0 | 4 | _aالاسلام |
| 650 | 0 | 4 | _aالاقتصاد الاسلامى |
| 650 | 0 | 4 | _aالفقه الاسلامى |
| 650 | 0 | 4 | _aالاسلام والاقتصاد |
| 942 |
_2ddc _cBK |
||
| 999 |
_c28313 _d28313 |
||